Регионална библиотека "Любен Каравелов" - Русе

Таджикская песня (Запис номер 312862)

MARC детайли
000 -Лидер
Контролно поле с фиксирана дължина 00618nja a2200193 a 4500
003 - Код на организацията, давaща контролен номер
Контролно поле BLK
005 - Дата и час на последна редакция
Контролно поле 20180422124013.0
008 - Елементи от данни с фиксирана дължина
fixed length control field 180414c bul|r|ner|||| 00| c0bul d
010 ## - Наследен системен номер
LC control number NOT00002676003
040 ## - Източник на каталожния запис
Идентификатор на билиотеката - собственик на записа BLK
100 1# - Редна дума - Автор
Автор Иордан, Ирина Н.
Авторска отговорност първи автор
R(LIN) 388779
245 10 - Сведения за заглавието
Заглавие Таджикская песня
Редно поле (дума) Ирина Н. Иордан.
257 ## - Страна на издаване
Страна на създаване/издаване Русия
380 ## - Жанр
Жанр Изкуство
773 ## - Описание на основна библиографска единица при аналитични записи (многотомни)
Host Biblionumber 312859
Host Itemnumber 665412
Редна дума на основното описание Иордан, Ирина Н.
Заглавие Пьесы для кларнета и фортепиано
852 ## - Местоположение
Форматна сигнатура Цб М ІІ 5422
942 ## - АРТИКУЛИ
Вид на библиотечния материал Нотни издания
Скрит в OPAC Не
944 ## - СЪЗДАВАНЕ И РЕДАКЦИЯ на ЗАПИСА
Създаване/Редакция Създаване
Дата на регистрацията/редакция 04.07.2008
Служител, извършил регистрацията/редакцията Ирена_Линкова
944 ## - СЪЗДАВАНЕ И РЕДАКЦИЯ на ЗАПИСА
Създаване/Редакция Редакция
Дата на регистрацията/редакция 30.01.2010
Служител, извършил регистрацията/редакцията
999 ## - СИСТЕМНИ КОНТРОЛНИ НОМЕРА
Koha biblionumber 312862
Koha biblioitemnumber 312862
Наличности
Код за отписване Код за изгубен артикул Код за повреда Коз за рестрикции Код за отдаване Артикулен № Име на библиотеката - собственик Име на библиотеката, в която се намира в момента Статус (Текущо местоположение) Дата на вписване в системата Местоположение - отдел Цена в лева Инвентарен номер Систематично азбучна сигнатура Баркод Номер на екземпляра Цена в евро Служебна бележка Служебен тип на артикула Бележка за публиката
  Не е изгубен Не е повреден само за читалня ползва се в читалня 665416 Регионална библиотека "Любен Каравелов" Русе Регионална библиотека "Любен Каравелов" Русе Аналитични записи 2018-04-14 Аналитични записи 0.00 900300002676 Цб М ІІ 5422 900300002676 3 0.00 аналитичен запис Статия Това е описние на част от артикул: Пьесы для кларнета и фортепиано
Vip Innovations Ltd, Rousse, Bulgaria 2025